Conceptualizing Similarity Measurement in Data Marketplaces
Skúmanie rôznych metrík podobnosti dátových aktív a konceptualizácia, ako možno vykonávať porovnávanie dátových aktív na dátovom trhu. To môže zlepšiť vykonávanie úloh, ako cenové poradenstvo a alokácia výnosov na dátových trhoch.
Gespeichert in:
| 1. Verfasser: | |
|---|---|
| Weitere Verfasser: | , , , , |
| Format: | Buchkapitel |
| Sprache: | Englisch |
| Schlagworte: | |
| Tags: |
Keine Tags, Fügen Sie das erste Tag hinzu!
|
MARC
| LEADER | 00000naa$a2200000$$$4500 | ||
|---|---|---|---|
| 001 | 0314195 | ||
| 005 | 20260121091948.8 | ||
| 041 | 0 | |a eng | |
| 044 | |a GB | ||
| 245 | 1 | 0 | |a Conceptualizing Similarity Measurement in Data Marketplaces |c Samrat Gupta, Jana Péliová, Payel Sadhukhan, Pradeep Kumar, Polyxeni Vasilakopoulou, Ilias Pappas |
| 520 | |a Skúmanie rôznych metrík podobnosti dátových aktív a konceptualizácia, ako možno vykonávať porovnávanie dátových aktív na dátovom trhu. To môže zlepšiť vykonávanie úloh, ako cenové poradenstvo a alokácia výnosov na dátových trhoch. | ||
| 610 | 2 | 0 | |a dáta |
| 610 | 2 | 0 | |a trhy |
| 610 | 2 | 0 | |a aktíva |
| 610 | 2 | 0 | |a meranie |
| 610 | 2 | 0 | |a ceny |
| 610 | 2 | 0 | |a údaje štatistické |
| 100 | 1 | |a Gupta, Samrat, 1987- | |
| 700 | 1 | |a Péliová, Jana, 1976- | |
| 700 | 1 | |a Sadhukhan, Payel | |
| 700 | 1 | |a Kumar, Pradeep | |
| 700 | 1 | |a Vasilakopoulou, Polyxeni | |
| 700 | 1 | |a Pappas, Ilias | |